| 000 | 00447nam a22001817a 4500 | ||
|---|---|---|---|
| 003 | MPLRDC | ||
| 005 | 20220104124507.0 | ||
| 008 | 210129b ||||| |||| 00| 0 eng d | ||
| 020 | _a967-65-2326-7 | ||
| 082 | _a308.9 SNKX v.7 | ||
| 100 | _aTERRY JENNINGS | ||
| 245 |
_a能量 _c |
||
| 260 |
_a _bFAJAR BAKTI S/B _c1989 |
||
| 300 | _b精 | ||
| 490 | _a少年科学知识丛书 | ||
| 650 | _a儿童用科学丛书 | ||
| 942 |
_cBK _o308.9 SNKX v.7 |
||
| 999 |
_c19776 _d19766 |
||